[Event "52nd Biel GM Blitz 2019"]
[Site "Biel SUI"]
[Date "2019.07.27"]
[Round "10.1"]
[White "Shankland, Sam"]
[Black "Cori, Jorge"]
[Result "1-0"]
[WhiteTitle "GM"]
[BlackTitle "GM"]
[WhiteElo "2713"]
[BlackElo "2686"]
[WhiteFideId "2004887"]
[BlackFideId "3802272"]
[EventDate "2019.07.27"]

1. e4 e6 2. d4 d5 3. Nc3 Nf6 4. e5 Nfd7 5. f4 c5 6. Nf3 Nc6 7. Be3 Be7 8. Qd2
O-O 9. dxc5 Nxc5 10. O-O-O a6 11. h4 Qc7 12. Bd3 Nb4 13. Kb1 Nbxd3 14. cxd3 Bd7
15. Rc1 Qb6 16. f5 Rfc8 17. Bg5 Qd8 18. f6 gxf6 19. exf6 Bd6 20. Bf4 Bf8 21. Be5
Bb5 22. Nxb5 axb5 23. Rh3 h6 24. Rg3+ Kh8 25. Bf4 Qa5 26. Qxa5 Rxa5 27. d4 Ra4
28. b3 Rxa2 29. Kxa2 Ra8+ 30. Kb1 Nd3 31. Ne5 Nxc1 32. Bxc1 Kh7 33. Rc3 Bd6 34.
Nxf7 Bb4 35. Rg3 Bf8 36. Ne5 Rc8 37. f7 Bd6 38. Rg8 Rxg8 39. fxg8=Q+ Kxg8 40.
Bxh6 Kh7 41. Bg5 1-0

[Event "52nd Biel GM Blitz 2019"]
[Site "Biel SUI"]
[Date "2019.07.27"]
[Round "10.3"]
[White "Leko, Peter"]
[Black "Abdusattorov, Nodirbek"]
[Result "1-0"]
[WhiteTitle "GM"]
[BlackTitle "GM"]
[WhiteElo "2674"]
[BlackElo "2598"]
[WhiteFideId "703303"]
[BlackFideId "14204118"]
[EventDate "2019.07.27"]

1. e4 e5 2. Nf3 Nc6 3. Bc4 Bc5 4. c3 Nf6 5. d3 d6 6. O-O a6 7. a4 Ba7 8. Re1 O-O
9. h3 h6 10. Nbd2 Re8 11. b4 Be6 12. Bxe6 Rxe6 13. Bb2 d5 14. b5 Ne7 15. exd5
Qxd5 16. c4 Qxd3 17. Bxe5 Ng6 18. Bxc7 Rxe1+ 19. Qxe1 Re8 20. Qb1 Qd7 21. b6 Bb8
22. Bxb8 Rxb8 23. c5 Rc8 24. Nb3 Nf4 25. Qc2 Qd5 26. Rd1 Nxh3+ 27. Kf1 Qh5 28.
Rd4 Ng4 29. gxh3 Qxh3+ 30. Ke2 Qg2 31. Rxg4 Qxg4 32. Nd4 Qd7 33. Qc4 Qe7+ 34.
Kf1 Rxc5 35. Qd3 Qd6 36. Qe4 Qxb6 37. Qe8+ Kh7 38. Qxf7 Rc1+ 39. Ke2 Qb2+ 40.
Ke3 Rc3+ 41. Kf4 Qc1+ 42. Kg3 Qg5+ 43. Kh2 Qg6 44. Qf4 Rc5 45. Nh4 Rh5 46. Nf3
Qf6 47. Qe4+ g6 48. Qxb7+ Qg7 49. Qxg7+ Kxg7 50. Kg3 Ra5 51. Nd4 Rxa4 52. Ne6+
Kf6 53. Nc5 Ra3+ 54. Nf3 a5 55. Kf4 g5+ 56. Ke4 h5 57. Nd7+ Ke7 58. Nde5 g4 59.
Nd4 a4 60. Nf5+ Kf6 61. Ne3 Ra1 62. Nd5+ Kg5 63. Nf7+ Kh4 64. Nf4 a3 65. Kf5 a2
66. Ng5 1-0